000 01235nam0a22003251 4500
001 RU\INFOCOMM_322\NLR\5000241509
005 20250613112544.0
035 _a(NLR Aleph) 009613256
090 _a9385581
_c9385581
100 _a20130318d1991 |||y0rusy50 ca
101 0 _aeng
102 _aRU
105 _ay z |||||
200 1 _aIntermittency of the turbulence and the vorton hypothesis
_fA. Z. Patashinskii
210 _aNovosibirsk
_cInst. of nuclear physics
_d1991
215 _a14 с.
_d21 см
225 1 _aPreprint
_fInst. of nuclear physics
_v91-22
300 _aВ вып. дан.: Перемежаемость в турбулентности и гипотеза вортонов / А. З. Паташинский
300 _aНа обл. надзаг. на рус. яз.
320 _aБиблиогр.: с. 13-14
606 0 _aЖидкости
_xТурбулентное движение
_2nlr_sh1
620 _aНовосибирск
686 _aВ253.312
_2rubbk
700 1 _9z02790
_aPatašinskij
_bA. Z.
_gAleksandr Zacharovič
790 1 _9z02700
_aPatashinskii
_bA. Z.
_4070
801 1 _aRU
_bInfocomm
_c20130318
801 0 _aRU
_bINFOCOMM
_gPSBO
852 _aNLR
_jМх01 Д-4/90
942 _cBOOK
980 _aNB